[Event "II Festival Marche Estate Magistrale"]
[Site "Chiaravalle ITA"]
[Date "2004.07.19"]
[Round "1"]
[White "Pelagatti, Alessandro"]
[Black "Gaudineau, Eric"]
[Result "0-1"]
[WhiteElo "2087"]
[BlackElo "2379"]
[PlyCount "52"]
[EventDate "2004.07.19"]

1. d4 Nf6 2. Nf3 e6 3. c4 b6 4. Nc3 Bb7 5. Bg5 Bb4 6. e3 h6 7. Bh4 g5 8. Bg3
Ne4 9. Nd2 Bxc3 10. bxc3 Nxg3 11. hxg3 d6 12. Qg4 Nd7 13. f4 gxf4 14. gxf4 Qe7
15. Be2 Nf6 16. Qh3 O-O-O 17. O-O-O d5 18. c5 bxc5 19. Qh4 cxd4 20. exd4 Rhg8
21. g4 Qa3+ 22. Kb1 Ne4 23. Nxe4 dxe4 24. Rh3 Rd6 25. Ka1 Bd5 26. c4 e3 0-1

[Event "II Festival Marche Estate Magistrale"]
[Site "Chiaravalle ITA"]
[Date "2004.07.19"]
[Round "1"]
[White "Stromboli, Ettore"]
[Black "Efimov, Igor"]
[Result "1-0"]
[WhiteElo "2116"]
[BlackElo "2491"]
[PlyCount "116"]
[EventDate "2004.07.19"]

1. e4 c6 2. d4 d5 3. Nc3 dxe4 4. Nxe4 Nf6 5. Nxf6+ gxf6 6. Bf4 Qb6 7. b3 e5 8.
dxe5 fxe5 9. Bd2 Be6 10. Bd3 Nd7 11. Nf3 f6 12. O-O O-O-O 13. Qe1 Qc7 14. Nh4
Nc5 15. Be2 f5 16. Bg5 Rd7 17. Rd1 Rg8 18. Rxd7 Nxd7 19. Bc1 Be7 20. Nf3 c5 21.
Bb2 Qc6 22. Qd2 Bd5 23. Qc3 Nb6 24. Rd1 Bd6 25. g3 Re8 26. a4 a6 27. Qd2 Bc7
28. Nh4 Be6 29. Qg5 f4 30. Bxe5 Qe4 31. Qh5 Bd7 32. Bxc7 Kxc7 33. Qxc5+ Qc6 34.
Qxc6+ Bxc6 35. Bf3 Rf8 36. Bxc6 bxc6 37. Re1 Nd5 38. Kg2 fxg3 39. hxg3 Kd6 40.
Nf3 a5 41. Nd4 Rf6 42. f4 Kc5 43. Nf3 Kb4 44. Re4+ Ka3 45. Ne5 Kb2 46. Nc4+
Kxc2 47. Nxa5 Kd3 48. Kf3 h5 49. Rc4 Re6 50. Nxc6 Re3+ 51. Kg2 Nf6 52. Ne5+ Ke2
53. Nf3 Kd3 54. a5 Re2+ 55. Kh3 Ke3 56. Rc3+ Kf2 57. Nd4 Re8 58. Rc2+ Kg1 1-0

[Event "II Festival Marche Estate Magistrale"]
[Site "Chiaravalle ITA"]
[Date "2004.07.20"]
[Round "3"]
[White "Borgiani, Flavio"]
[Black "Luzi, Alessandro"]
[Result "1-0"]
[WhiteElo "2189"]
[BlackElo "1960"]
[PlyCount "89"]
[EventDate "2004.07.19"]

1. Nf3 Nf6 2. g3 g6 3. Bg2 Bg7 4. d4 O-O 5. c4 d6 6. O-O Nbd7 7. Qc2 e5 8. dxe5
Nxe5 9. Nxe5 dxe5 10. Rd1 Qe7 11. b3 Rd8 12. Ba3 Rxd1+ 13. Qxd1 Qd7 14. Qxd7
Nxd7 15. Nc3 c6 16. Rd1 f5 17. Nd5 Kf7 18. Ne7 Nb6 19. Nxc8 Rxc8 20. c5 Bf8 21.
cxb6 Bxa3 22. Rd7+ Ke6 23. Rxb7 axb6 24. Rxb6 Kd6 25. Ra6 Bc5 26. a3 e4 27. e3
Kc7 28. Bf1 Kb7 29. Ra5 Kb6 30. b4 Bd6 31. Bc4 Rc7 32. Ra8 Ra7 33. Rxa7 Kxa7
34. Bg8 g5 35. Bxh7 f4 36. gxf4 gxf4 37. Bxe4 Kb6 38. Bd3 fxe3 39. fxe3 c5 40.
b5 Ka5 41. h4 Ka4 42. h5 Kxa3 43. h6 Kb4 44. h7 Be5 45. b6 1-0

[Event "II Festival Marche Estate Magistrale"]
[Site "Chiaravalle ITA"]
[Date "2004.07.20"]
[Round "3"]
[White "Bruno, Fabio"]
[Black "Rombaldoni, Denis"]
[Result "1-0"]
[WhiteElo "2341"]
[BlackElo "2224"]
[PlyCount "67"]
[EventDate "2004.07.19"]

1. d4 d5 2. Nf3 Nf6 3. e3 e6 4. Nbd2 c5 5. c3 Nc6 6. Bd3 Be7 7. O-O O-O 8. Qe2
Qc7 9. dxc5 Bxc5 10. e4 e5 11. exd5 Nxd5 12. Qe4 Nf6 13. Qh4 Qd7 14. Ne4 Qxd3
15. Nxc5 Qf5 16. Re1 b6 17. Qa4 Bd7 18. Nxd7 Qxd7 19. Bg5 Qe6 20. Bxf6 Qxf6 21.
Re3 Rfe8 22. Rae1 Re6 23. h3 Rd8 24. b4 h6 25. b5 Ne7 26. Nxe5 Nd5 27. Ng4 Qg5
28. Rxe6 fxe6 29. Qxa7 h5 30. Ne5 Nf4 31. Qf7+ Kh7 32. g3 Nxh3+ 33. Kg2 Rd5 34.
f4 1-0

[Event "II Festival Marche Estate Magistrale"]
[Site "Chiaravalle ITA"]
[Date "2004.07.20"]
[Round "3"]
[White "Tribuiani, Renato"]
[Black "Stromboli, Carlo"]
[Result "0-1"]
[WhiteElo "2119"]
[BlackElo "2020"]
[PlyCount "42"]
[EventDate "2004.07.19"]

1. e3 e5 2. c4 Nf6 3. Nc3 c6 4. Nf3 Qc7 5. b3 d6 6. Bb2 Bg4 7. Be2 Nbd7 8. h3
Bh5 9. b4 e4 10. Nh2 Ne5 11. g4 Bg6 12. Qb3 Be7 13. O-O-O a5 14. Qa4 O-O 15. b5
Nfd7 16. f4 exf3 17. Nxf3 Nc5 18. Nxe5 dxe5 19. Qa3 Nd3+ 20. Bxd3 Bxa3 21. Bxa3
Bxd3 0-1

[Event "II Festival Marche Estate Magistrale"]
[Site "Chiaravalle ITA"]
[Date "2004.07.21"]
[Round "4"]
[White "Borgiani, Flavio"]
[Black "Bruno, Fabio"]
[Result "0-1"]
[WhiteElo "2189"]
[BlackElo "2341"]
[PlyCount "36"]
[EventDate "2004.07.19"]

1. Nf3 d5 2. g3 Nc6 3. d4 g6 4. Bg2 Bg7 5. O-O Bg4 6. c3 Qd7 7. Bf4 f6 8. h3
Bxh3 9. Bxh3 Qxh3 10. Bxc7 Rc8 11. Bf4 g5 12. Be3 h5 13. Qd3 h4 14. gxh4 Nh6
15. Qg6+ Kf8 16. Rd1 Nf5 17. Bxg5 Qg4+ 18. Kf1 Rh6 0-1

[Event "II Festival Marche Estate Magistrale"]
[Site "Chiaravalle ITA"]
[Date "2004.07.21"]
[Round "4"]
[White "Cherki, Thomas"]
[Black "Stromboli, Ettore"]
[Result "0-1"]
[WhiteElo "2162"]
[BlackElo "2116"]
[PlyCount "94"]
[EventDate "2004.07.19"]

1. e4 e6 2. d3 d5 3. Nd2 Nf6 4. g3 b6 5. Bg2 Bb7 6. e5 Nfd7 7. f4 c5 8. Ngf3
Nc6 9. O-O Qc7 10. c3 Be7 11. Rf2 O-O-O 12. d4 Rhg8 13. Nf1 Kb8 14. Rc2 h6 15.
Bd2 Ba6 16. Be1 g5 17. Ne3 c4 18. f5 g4 19. Nd2 Bg5 20. Ndf1 h5 21. Rf2 Bb7 22.
Bd2 Ne7 23. f6 Nc6 24. Nc2 Ndxe5 25. dxe5 Nxe5 26. Bxg5 Rxg5 27. Nd4 Nd3 28.
Re2 Rg6 29. Nxe6 fxe6 30. Rxe6 Rf8 31. Qe2 Rgxf6 32. Re8+ Rxe8 33. Qxe8+ Qc8
34. Qxc8+ Kxc8 35. Ne3 Nxb2 36. Nxd5 Bxd5 37. Bxd5 Kc7 38. Rb1 Na4 39. Bxc4
Nxc3 40. Rc1 Rc6 41. Rxc3 b5 42. Ra3 bxc4 43. Rxa7+ Kd6 44. Rb7 c3 45. Rb1 c2
46. Rc1 Kd5 47. Kf2 Kd4 0-1

[Event "II Festival Marche Estate Magistrale"]
[Site "Chiaravalle ITA"]
[Date "2004.07.21"]
[Round "4"]
[White "Rinaudo, Sergio"]
[Black "Dvirnyy, Danyyil"]
[Result "0-1"]
[WhiteElo "2097"]
[BlackElo "1968"]
[PlyCount "72"]
[EventDate "2004.07.19"]

1. d4 Nf6 2. Nf3 g6 3. Nbd2 Bg7 4. e4 d6 5. Bd3 O-O 6. O-O c6 7. c3 Re8 8. Re1
e5 9. dxe5 dxe5 10. Qc2 Qc7 11. h3 Nbd7 12. b4 b6 13. Qb3 Nf8 14. Nc4 Nh5 15.
Be3 h6 16. Rad1 Be6 17. Qc2 Rad8 18. g4 Nf4 19. Bxf4 exf4 20. Bf1 g5 21. Nd4
Ng6 22. Nxe6 fxe6 23. Rxd8 Rxd8 24. e5 Nh4 25. Qe4 Rd5 26. Bg2 b5 27. Na5 Rxe5
28. Qb1 Nxg2 29. Kxg2 c5 30. Kg1 c4 31. Rxe5 Qxe5 32. Nc6 Qxc3 33. Qg6 Qf6 34.
Qe8+ Kh7 35. Nxa7 f3 36. Qc6 Qa1+ 0-1

[Event "II Festival Marche Estate Magistrale"]
[Site "Chiaravalle ITA"]
[Date "2004.07.22"]
[Round "6"]
[White "Gromovs, Sergejs"]
[Black "Stromboli, Ettore"]
[Result "1-0"]
[WhiteElo "2341"]
[BlackElo "2116"]
[PlyCount "53"]
[EventDate "2004.07.19"]

1. d4 Nf6 2. Nf3 b6 3. c4 e6 4. a3 Bb7 5. Nc3 Be7 6. Qc2 d5 7. cxd5 exd5 8. Bf4
c5 9. e3 O-O 10. Bd3 Nc6 11. O-O Re8 12. Nb5 c4 13. Bf5 g6 14. Bc7 Bc8 15. Bxd8
Bxf5 16. Bxe7 Bxc2 17. Bxf6 Rac8 18. Nd6 Re6 19. Nxc8 Rxf6 20. Ne5 Nxe5 21.
dxe5 Re6 22. Nxa7 Ba4 23. Nc8 Bd7 24. Nd6 b5 25. Rfd1 Bc6 26. e4 dxe4 27. a4
1-0

[Event "Open SSM Luglio"]
[Site "Milano ITA"]
[Date "2004.07.17"]
[Round "3"]
[White "Salami, Marco"]
[Black "Scuderi, David"]
[Result "1-0"]
[WhiteElo "2166"]
[BlackElo "2083"]
[PlyCount "41"]
[EventDate "2004.07.15"]

1. e4 e6 2. d3 d5 3. Nd2 Nf6 4. Ngf3 dxe4 5. dxe4 Nc6 6. Bb5 Bd7 7. O-O Be7 8.
c3 O-O 9. Qe2 a6 10. Bd3 e5 11. Nc4 Bg4 12. Rd1 Qc8 13. h3 Bxf3 14. Qxf3 Qe6
15. Ne3 Bd6 16. Bc4 Qe8 17. Nf5 Rd8 18. Bh6 Na5 19. Bxg7 Be7 20. Qg3 Nh5 21.
Nh6# 1-0

[Event "Open SSM Luglio"]
[Site "Milano ITA"]
[Date "2004.07.18"]
[Round "4"]
[White "Ravagnati, Marco"]
[Black "Vittadini, Attilio"]
[Result "1-0"]
[WhiteElo "1517"]
[BlackElo "1829"]
[PlyCount "47"]
[EventDate "2004.07.15"]

1. d4 Nf6 2. c4 c5 3. d5 e6 4. Nc3 exd5 5. cxd5 d6 6. e4 g6 7. Bg5 Bg7 8. f4
Qb6 9. Rb1 O-O 10. Nge2 Re8 11. Bxf6 Bxf6 12. Ng3 Qb4 13. Qc2 Bg4 14. Bb5 Nd7
15. O-O a6 16. Bxd7 Bxd7 17. f5 Be5 18. fxg6 hxg6 19. Nce2 Kg7 20. Rf3 Qa5 21.
Rbf1 Re7 22. Qc1 Rh8 23. Qg5 f6 24. Rxf6 1-0

[Event "Open SSM Luglio"]
[Site "Milano ITA"]
[Date "2004.07.18"]
[Round "5"]
[White "Ravagnati, Marco"]
[Black "Bettini, Massimo"]
[Result "0-1"]
[WhiteElo "1517"]
[BlackElo "1829"]
[PlyCount "38"]
[EventDate "2004.07.15"]

1. e4 e5 2. Nf3 Nc6 3. Bc4 Nf6 4. Ng5 Bc5 5. Nxf7 Bxf2+ 6. Kf1 Qe7 7. Nxh8 d5
8. exd5 Nd4 9. Nc3 Bg4 10. Be2 Nxe2 11. Nxe2 Ne4 12. h3 Qh4 13. d4 Bxd4 14. Qe1
Bxe2+ 15. Kxe2 Ng3+ 16. Kd3 O-O-O 17. Nf7 Rxd5 18. Kc4 Bf2+ 19. Kxd5 c6+ 0-1

[Event "XI Festival A"]
[Site "Campobasso ITA"]
[Date "2004.07.09"]
[Round "1"]
[White "Caputi, Nicola"]
[Black "Collutiis, Duilio"]
[Result "0-1"]
[WhiteElo "2067"]
[BlackElo "2387"]
[PlyCount "80"]
[EventDate "2004.07.09"]

1. c4 g6 2. Nc3 Bg7 3. g3 d6 4. Bg2 e5 5. d3 Nf6 6. e3 O-O 7. Nge2 c6 8. O-O
Na6 9. b3 Re8 10. Bb2 Nc7 11. Qd2 d5 12. Rad1 Be6 13. h3 Qd7 14. Kh2 Rad8 15.
cxd5 cxd5 16. Na4 Qd6 17. Rc1 Na6 18. d4 e4 19. Nc5 Bc8 20. Rc2 b6 21. Na4 Bd7
22. Rfc1 h5 23. a3 h4 24. Nac3 Rc8 25. Bf1 Nc7 26. Ng1 Nh5 27. Qe1 Bh6 28. Nce2
hxg3+ 29. Nxg3 Ne6 30. Qb4 Qb8 31. Qe1 Rxc2 32. Rxc2 Ng5 33. Bc1 Bf8 34. Kg2
Nf6 35. Be2 Bd6 36. a4 Kg7 37. h4 Ne6 38. f4 exf3+ 39. Bxf3 Nxd4 40. Rf2 Bxg3
0-1

[Event "XI Festival A"]
[Site "Campobasso ITA"]
[Date "2004.07.09"]
[Round "1"]
[White "Casale, Antonio"]
[Black "Cappai, Davide"]
[Result "0-1"]
[WhiteElo "1844"]
[BlackElo "2132"]
[PlyCount "99"]
[EventDate "2004.07.09"]

1. d4 d5 2. Nf3 Nf6 3. c4 c6 4. cxd5 cxd5 5. Nc3 Ne4 6. Nd2 Nxd2 7. Bxd2 Nc6 8.
e3 a6 9. Bd3 e6 10. a3 f5 11. g3 Qf6 12. Rc1 Bd6 13. Qh5+ g6 14. Qe2 Bd7 15. f4
O-O 16. O-O Rfc8 17. Qg2 Ne7 18. Nb1 b5 19. Rxc8+ Rxc8 20. Rc1 Rxc1+ 21. Bxc1
Nc6 22. Bf1 Qd8 23. Qc2 Qb6 24. Qd3 Nb8 25. Bd2 Bc6 26. Qc3 Nd7 27. Kf2 Kf7 28.
b4 Qb7 29. Bc1 Nb6 30. Nd2 Nc4 31. Nb3 Qa8 32. Nc5 a5 33. h4 axb4 34. axb4 Qa2+
35. Be2 Qb1 36. Bd3 Qa2+ 37. Be2 h6 38. Kf3 Be7 39. Kf2 Kf6 40. Kf1 Bd6 41. Kf2
Kf7 42. Ke1 g5 43. hxg5 hxg5 44. Kf2 Qa8 45. Qe1 Qh8 46. Qg1 g4 47. Kg2 Bxc5
48. bxc5 b4 49. Qf1 Bb5 50. Qh1 0-1

[Event "XI Festival A"]
[Site "Campobasso ITA"]
[Date "2004.07.09"]
[Round "1"]
[White "Damia, Angelo"]
[Black "Valotta, Massimiliano"]
[Result "1-0"]
[WhiteElo "2129"]
[BlackElo "1838"]
[PlyCount "59"]
[EventDate "2004.07.09"]

1. e4 c5 2. Nf3 Nc6 3. d4 cxd4 4. Nxd4 d6 5. Nc3 e6 6. Be3 Nf6 7. Be2 Be7 8.
O-O O-O 9. Qd2 e5 10. Nb3 Ng4 11. Bxg4 Bxg4 12. f3 Be6 13. Rad1 f5 14. Nd5 Bxd5
15. Qxd5+ Kh8 16. exf5 Rxf5 17. Qe4 Qf8 18. f4 Re8 19. fxe5 Rxf1+ 20. Rxf1 Bf6
21. Bd4 dxe5 22. Be3 Qf7 23. g4 Qg6 24. Qxg6 hxg6 25. Nc5 e4 26. Nxb7 Bxb2 27.
Nd6 Re6 28. Rf8+ Kh7 29. Nf7 g5 30. Nxg5+ 1-0

[Event "XI Festival A"]
[Site "Campobasso ITA"]
[Date "2004.07.09"]
[Round "1"]
[White "Di Lascio, Savino"]
[Black "Shytaj, Luca"]
[Result "0-1"]
[WhiteElo "2024"]
[BlackElo "2344"]
[PlyCount "128"]
[EventDate "2004.07.09"]

1. Nf3 Nf6 2. g3 b6 3. Bg2 Bb7 4. O-O c5 5. d3 d6 6. e4 Nbd7 7. a4 a6 8. Nc3 g6
9. h3 Bg7 10. Be3 O-O 11. Qc1 d5 12. e5 d4 13. exf6 Nxf6 14. Nxd4 Bxg2 15. Ne6
Qc8 16. Kxg2 Qxe6 17. Bh6 Qc6+ 18. f3 Ne8 19. Bxg7 Nxg7 20. Qe1 Nf5 21. g4 Nd4
22. Rf2 f5 23. g5 Rae8 24. Qe5 e6 25. h4 Qd7 26. Rh1 Nc6 27. Qf4 Nd4 28. Qe5
Rf7 29. Kf1 Nc6 30. Qf4 Qd4 31. Qc1 e5 32. h5 Ne7 33. Rfh2 gxh5 34. Rh4 Qd7 35.
Rxh5 Ng6 36. Ne2 Qxa4 37. c4 Qd7 38. Qc3 e4 39. dxe4 fxe4 40. f4 Nxf4 41. g6
Nxg6+ 42. Ke1 Rf3 43. Qc1 Re7 44. Qg5 Re5 45. Qxg6+ hxg6 46. Rh8+ Kf7 47. R8h7+
Ke6 48. Rxd7 Kxd7 49. Rh7+ Re7 50. Rh6 Rf6 51. Nc3 Ref7 52. Nd5 Re6 53. Ke2 b5
54. b3 bxc4 55. bxc4 a5 56. Rh8 e3 57. Ra8 Rf2+ 58. Ke1 e2 59. Ra7+ Kc8 60.
Kxf2 e1=Q+ 61. Kf3 Qe2+ 62. Kg3 Qd3+ 63. Kg4 Qxc4+ 64. Nf4 Rf6 0-1

[Event "XI Festival A"]
[Site "Campobasso ITA"]
[Date "2004.07.09"]
[Round "1"]
[White "Femiano, Andrea"]
[Black "Adamo, Luigi"]
[Result "1/2-1/2"]
[WhiteElo "2125"]
[BlackElo "1742"]
[PlyCount "35"]
[EventDate "2004.07.09"]

1. e4 c5 2. Nf3 Nc6 3. Bb5 a6 4. Bxc6 bxc6 5. c4 g6 6. O-O Bg7 7. Nc3 Nf6 8.
Re1 Qc7 9. h3 e5 10. d3 d6 11. Bd2 Be6 12. a3 O-O 13. b4 d5 14. exd5 cxd5 15.
Nxe5 dxc4 16. b5 cxd3 17. Nxd3 Rfd8 18. Qe2 1/2-1/2

[Event "XI Festival A"]
[Site "Campobasso ITA"]
[Date "2004.07.09"]
[Round "1"]
[White "Ficco, Corrado"]
[Black "Pagano, Sergio"]
[Result "1-0"]
[WhiteElo "2145"]
[BlackElo "1906"]
[PlyCount "47"]
[EventDate "2004.07.09"]

1. e4 c6 2. d4 d5 3. Nc3 dxe4 4. Nxe4 h6 5. Ng3 Nf6 6. Nf3 Bg4 7. Be2 e6 8. h3
Bxf3 9. Bxf3 Qc7 10. O-O Bd6 11. Ne4 Nxe4 12. Bxe4 Nd7 13. c4 O-O-O 14. Qe2 Nf6
15. Bf3 Qe7 16. Re1 Rhe8 17. Be3 Kb8 18. Rad1 Nh7 19. g3 g5 20. Rd3 f5 21. c5
Bc7 22. Rb3 Qd7 23. Qa6 Bb6 24. Qa4 1-0

[Event "XI Festival A"]
[Site "Campobasso ITA"]
[Date "2004.07.09"]
[Round "1"]
[White "Gagliardi, Pietro"]
[Black "Massetti, Gianfranco"]
[Result "1/2-1/2"]
[WhiteElo "2201"]
[BlackElo "2017"]
[PlyCount "40"]
[EventDate "2004.07.09"]

1. e4 e5 2. Nf3 Nc6 3. Bb5 a6 4. Ba4 Nf6 5. O-O Nxe4 6. d4 exd4 7. Re1 d5 8.
Nxd4 Bd6 9. Nxc6 Bxh2+ 10. Kh1 Qh4 11. Rxe4+ dxe4 12. Qd8+ Qxd8 13. Nxd8+ Kxd8
14. Kxh2 Be6 15. Nc3 c5 16. Nxe4 b5 17. Nxc5 bxa4 18. Nxa4 Rc8 19. c3 Ke7 20.
Be3 Rhd8 1/2-1/2

[Event "XI Festival A"]
[Site "Campobasso ITA"]
[Date "2004.07.09"]
[Round "1"]
[White "Ljubisavljevic, Zivojin Z."]
[Black "Stromboli, Carlo"]
[Result "0-1"]
[WhiteElo "2280"]
[BlackElo "2020"]
[PlyCount "80"]
[EventDate "2004.07.09"]

1. d4 Nf6 2. c3 d5 3. Bg5 Ne4 4. Bf4 Bf5 5. f3 Nd6 6. Qb3 e6 7. Nd2 Nd7 8. c4
Nxc4 9. Nxc4 dxc4 10. Qxc4 Nb6 11. Qc3 Nd5 12. Qc1 Nxf4 13. Qxf4 Bd6 14. Qd2
Qh4+ 15. g3 Bxg3+ 16. hxg3 Qxh1 17. Kf2 Qh6 18. Qb4 Qf6 19. Rc1 c6 20. e3 Qe7
21. Qc3 O-O 22. Ne2 Rad8 23. Nf4 Rfe8 24. Bd3 g5 25. Ne2 Bxd3 26. Qxd3 e5 27.
Rh1 e4 28. Qc2 f5 29. f4 g4 30. Rh5 Qf7 31. Rg5+ Kh8 32. d5 h6 33. dxc6 hxg5
34. fxg5 bxc6 35. Nf4 Rd6 36. g6 Rxg6 37. Qc3+ Kh7 38. Qa5 Rd6 39. Ne2 Red8 40.
Qc3 Rd2 0-1

[Event "XI Festival A"]
[Site "Campobasso ITA"]
[Date "2004.07.09"]
[Round "1"]
[White "Messina, Enrico"]
[Black "Djuric, Stefan"]
[Result "0-1"]
[WhiteElo "2112"]
[BlackElo "2511"]
[PlyCount "24"]
[EventDate "2004.07.09"]

1. e4 c5 2. Nf3 Nc6 3. Bb5 g6 4. Bxc6 dxc6 5. d3 Bg7 6. Nc3 e5 7. Be3 Qe7 8. h3
Nf6 9. Qd2 h6 10. Ne2 Nh5 11. g4 Nf6 12. Ng3 12... Bd7 {...} 0-1

[Event "XI Festival A"]
[Site "Campobasso ITA"]
[Date "2004.07.09"]
[Round "1"]
[White "Mitkov, Nikola"]
[Black "Affinito, Pancrazio"]
[Result "1-0"]
[WhiteElo "2534"]
[BlackElo "2115"]
[PlyCount "91"]
[EventDate "2004.07.09"]

1. e4 c5 2. Nc3 Nc6 3. Nf3 g6 4. Bb5 Bg7 5. O-O e5 6. Bxc6 dxc6 7. h3 Ne7 8. d3
O-O 9. Be3 b6 10. Qd2 Be6 11. Bh6 Qd6 12. Bxg7 Kxg7 13. Ne2 f6 14. a3 a5 15.
Qc3 Kg8 16. a4 Qd7 17. Kh2 g5 18. Nfg1 Ng6 19. g3 Qd6 20. f3 Ra7 21. f4 gxf4
22. gxf4 exf4 23. Nf3 Ne5 24. Rg1+ Kh8 25. Raf1 Rff7 26. Nxe5 Qxe5 27. Qxe5
fxe5 28. Rg5 Rf6 29. Rxe5 f3 30. Nf4 Bg8 31. Nh5 Rf8 32. Kg3 Raf7 33. Rf2 Rd7
34. Rxf3 Rxf3+ 35. Kxf3 Bf7 36. Nf6 Rb7 37. Kf4 Kg7 38. Ne8+ Bxe8 39. Rxe8 Rf7+
40. Ke3 Rf1 41. Rc8 Rh1 42. Rxc6 Rxh3+ 43. Kf4 Rh2 44. Rxb6 Rxc2 45. b3 Rc3 46.
e5 1-0

[Event "XI Festival A"]
[Site "Campobasso ITA"]
[Date "2004.07.09"]
[Round "1"]
[White "Mrdja, Milan"]
[Black "Cordi', Domenico"]
[Result "1-0"]
[WhiteElo "2432"]
[BlackElo "2110"]
[PlyCount "87"]
[EventDate "2004.07.09"]

1. e4 c5 2. Nf3 d6 3. d4 cxd4 4. Nxd4 Nf6 5. f3 e6 6. c4 Be7 7. Nc3 a6 8. Be3
Nc6 9. Qd2 Bd7 10. Be2 Rc8 11. Rc1 Ne5 12. b3 h5 13. g3 Qa5 14. O-O Kf8 15. h3
Ng6 16. Kg2 Rd8 17. Rfd1 Be8 18. Nc2 Qc7 19. Qe1 Bc6 20. Qf2 Qb8 21. Nd4 Bd7
22. a4 Qc8 23. Bd3 Ne5 24. Bb1 Nc6 25. h4 Ne5 26. Nde2 Bc6 27. Nf4 Qb8 28. Ba7
Qa8 29. Bb6 Rc8 30. c5 dxc5 31. Bxc5 Re8 32. b4 b5 33. axb5 axb5 34. Bd3 Qb7
35. Be2 Kg8 36. Bxe7 Rxe7 37. Qc5 Nc4 38. Bxc4 bxc4 39. b5 Be8 40. Rd8 g6 41.
e5 Ng4 42. Ne4 Kg7 43. Nd6 Qc7 44. Qxc7 1-0

[Event "XI Festival A"]
[Site "Campobasso ITA"]
[Date "2004.07.09"]
[Round "1"]
[White "Pazderski, Bartlomiej"]
[Black "Della Corte, Alessandro"]
[Result "1/2-1/2"]
[WhiteElo "1835"]
[BlackElo "2128"]
[PlyCount "110"]
[EventDate "2004.07.09"]

1. e4 g6 2. d4 Bg7 3. Nc3 c6 4. Be3 d5 5. e5 Nh6 6. Qd2 Nf5 7. Bf4 h5 8. Nf3 b6
9. O-O-O Ba6 10. Bxa6 Nxa6 11. h3 h4 12. g4 hxg3 13. fxg3 Qd7 14. g4 Nh4 15.
Ng5 Nc7 16. Qf2 f6 17. exf6 Bxf6 18. Rhe1 O-O-O 19. Nf7 Rdf8 20. Nxh8 Bg5 21.
Bxg5 Rxf2 22. Bxh4 Rh2 23. Nxg6 Rxh3 24. Nxe7+ Kb7 25. Nf5 Ne6 26. Re5 Ka6 27.
Bf6 Qf7 28. g5 Nf4 29. Re7 Qg6 30. Nd6 Rh2 31. Rd2 Rh1+ 32. Nd1 Nh5 33. Rf2
Nxf6 34. gxf6 Qg4 35. Ree2 Qxd4 36. Rd2 Qe5 37. f7 Rh8 38. f8=Q Rxf8 39. Rxf8
Qxd6 40. Rdf2 Qh6+ 41. R8f4 c5 42. c3 d4 43. cxd4 cxd4 44. Kc2 Qg6+ 45. Rf5 Qe6
46. Kd3 Qxa2 47. Kxd4 Qa4+ 48. b4 Qxd1+ 49. Kc4 Qg4+ 50. Kc3 Qg3+ 51. Kc4 b5+
52. Kd4 Qd6+ 53. Kc3 Qc6+ 54. Rc5 Qh6 55. Rff5 Qc1+ 1/2-1/2

[Event "XI Festival A"]
[Site "Campobasso ITA"]
[Date "2004.07.09"]
[Round "1"]
[White "Petruccioli, Antonio"]
[Black "Naumkin, Igor"]
[Result "0-1"]
[WhiteElo "2091"]
[BlackElo "2457"]
[PlyCount "86"]
[EventDate "2004.07.09"]

1. e4 e5 2. Nf3 Nc6 3. Bb5 a6 4. Bxc6 dxc6 5. d4 exd4 6. Qxd4 Qxd4 7. Nxd4 Bd7
8. Be3 O-O-O 9. Nd2 Ne7 10. O-O-O c5 11. Ne2 b6 12. Nc3 Ng6 13. f3 f5 14. Bg5
Re8 15. exf5 Bxf5 16. Rhe1 Bd6 17. g3 h6 18. Be3 Be5 19. Nce4 Rhf8 20. Bg1 Re7
21. f4 Bxf4 22. gxf4 Rfe8 23. Nd6+ cxd6 24. Rxe7 Rxe7 25. Nc4 Kc7 26. Bf2 Nxf4
27. Nxd6 Bg4 28. Rd2 Ne2+ 29. Kb1 Re6 30. Nc4 Rf6 31. Be1 Rf1 32. Rd1 Nc3+ 33.
bxc3 Bxd1 34. Bg3+ Kc6 35. Ne3 Rh1 36. Kb2 g5 37. c4 h5 38. Nd5 h4 39. Be5 Re1
40. Bf6 Re2 41. Kc1 Bxc2 42. Bxg5 Be4 43. Nc3 Rc2+ 0-1

[Event "XI Festival A"]
[Site "Campobasso ITA"]
[Date "2004.07.09"]
[Round "1"]
[White "Pulimeno, Roberto"]
[Black "Napoli, Nicolo'"]
[Result "0-1"]
[WhiteElo "1916"]
[BlackElo "2172"]
[PlyCount "50"]
[EventDate "2004.07.09"]

1. e4 g6 2. d4 Bg7 3. Nc3 c6 4. Nge2 d5 5. Be3 dxe4 6. Nxe4 Nd7 7. c3 Ngf6 8.
N2g3 Nd5 9. Bd2 N7f6 10. Bd3 O-O 11. O-O h5 12. h3 Qc7 13. f4 e6 14. Qf3 b6 15.
Nxf6+ Nxf6 16. Ne4 Bb7 17. Nxf6+ Bxf6 18. Qg3 c5 19. dxc5 Rad8 20. Rad1 h4 21.
Qe3 Qc6 22. Rf3 Be7 23. Qe2 Qxc5+ 24. Be3 Bxf3 25. gxf3 Qxe3+ 0-1

[Event "XI Festival A"]
[Site "Campobasso ITA"]
[Date "2004.07.09"]
[Round "1"]
[White "Scagliarini, Bruno"]
[Black "Mazzilli, Piero"]
[Result "0-1"]
[WhiteElo "2019"]
[BlackElo "2302"]
[PlyCount "80"]
[EventDate "2004.07.09"]

1. c4 e5 2. Nc3 Nf6 3. g3 Nc6 4. Bg2 g6 5. e3 Bg7 6. Nge2 O-O 7. d3 d6 8. O-O
Be6 9. h3 d5 10. cxd5 Nxd5 11. d4 exd4 12. Nxd4 Nxd4 13. exd4 Re8 14. Nxd5 Bxd5
15. Be3 Bxg2 16. Kxg2 Qd5+ 17. Qf3 Rad8 18. Rac1 c6 19. Qxd5 Rxd5 20. Rc4 Red8
21. Rb4 R8d7 22. Re1 Bxd4 23. Bh6 f6 24. Re8+ Kf7 25. Rb8 b6 26. Rc4 c5 27. b4
cxb4 28. Rf8+ Ke6 29. Bf4 Be5 30. Bxe5 fxe5 31. Rxb4 Rf7 32. Rxf7 Kxf7 33. Rc4
Rc5 34. Re4 a6 35. Re3 Ke6 36. Rd3 b5 37. a3 a5 38. h4 b4 39. axb4 axb4 40. Rd8
Rb5 0-1

[Event "XI Festival A"]
[Site "Campobasso ITA"]
[Date "2004.07.09"]
[Round "1"]
[White "Stromboli, Ettore"]
[Black "Georgiev, Vladimir"]
[Result "1/2-1/2"]
[WhiteElo "2116"]
[BlackElo "2511"]
[PlyCount "110"]
[EventDate "2004.07.09"]

1. e4 c5 2. Nf3 Nc6 3. d4 cxd4 4. Nxd4 Nf6 5. Nc3 g6 6. Nxc6 dxc6 7. Qxd8+ Kxd8
8. Bf4 Bg7 9. Bc4 Ke8 10. O-O Nd7 11. Bd2 Nc5 12. a4 a5 13. Rfe1 e5 14. Be3 Bf8
15. Rad1 Be6 16. Bxe6 Nxe6 17. Na2 Bc5 18. Nc1 Bxe3 19. Rxe3 Ke7 20. Nb3 Rhd8
21. Red3 Rxd3 22. Rxd3 b5 23. axb5 a4 24. Nc1 cxb5 25. Na2 Rd8 26. Rxd8 Kxd8
27. Kf1 Kc7 28. Ke1 Kb6 29. Kd2 Kc5 30. c3 Kc4 31. Nb4 Kb3 32. Kc1 a3 33. bxa3
Kxc3 34. Nc6 f6 35. Nb4 Kb3 36. Nd5 f5 37. exf5 gxf5 38. Ne3 Nd4 39. Kd2 Kxa3
40. Kd3 b4 41. Nc4+ Ka2 42. f4 b3 43. fxe5 Nc6 44. e6 Ne5+ 45. Kc3 Nxc4 46.
Kxc4 b2 47. e7 b1=Q 48. e8=Q Qc2+ 49. Kb4 Qd2+ 50. Kc4 Qxg2 51. Qa4+ Kb2 52.
Qb3+ Kc1 53. Qc3+ Kd1 54. Qd3+ Ke1 55. Qb1+ Kf2 1/2-1/2

[Event "XI Festival A"]
[Site "Campobasso ITA"]
[Date "2004.07.09"]
[Round "1"]
[White "Voiska, Margarita"]
[Black "Bottino, Alexiei"]
[Result "1-0"]
[WhiteElo "2387"]
[BlackElo "2061"]
[PlyCount "119"]
[EventDate "2004.07.09"]

1. c4 Nf6 2. Nc3 c5 3. g3 e6 4. Bg2 d5 5. d3 Nc6 6. Bg5 d4 7. Bxc6+ bxc6 8. Na4
Qc7 9. e4 Be7 10. Nf3 e5 11. h3 Be6 12. Kf1 h6 13. Bxf6 gxf6 14. Nh4 Qc8 15.
Kg2 h5 16. Qf3 Qa6 17. b3 Qa5 18. Nf5 Bf8 19. Qe2 Kd7 20. Rhf1 Rb8 21. Rae1 Rh7
22. Rd1 Rh8 23. Qd2 Qxd2 24. Rxd2 Rg8 25. f3 Rh8 26. Rdf2 Bxf5 27. exf5 Bd6 28.
Re2 Rbg8 29. Re4 Rg5 30. g4 h4 31. Re2 Rhg8 32. Kf2 Rb8 33. Rb2 Rgg8 34. Ke2
Rb7 35. Kd2 Rgb8 36. Rbb1 Rg8 37. Kc2 Rgb8 38. Nb2 Rg8 39. Nd1 Rbb8 40. Nf2 Be7
41. Ne4 Rbe8 42. Rbe1 Rh8 43. Re2 Rh6 44. f4 exf4 45. Rxf4 Bd6 46. Rf1 Re5 47.
Rfe1 Kc7 48. Kd1 Re7 49. Nxd6 Rxe2 50. Rxe2 Kxd6 51. Re8 Rh7 52. Ke2 Kc7 53.
Kf3 Kb7 54. a3 Kc7 55. b4 cxb4 56. axb4 Kb6 57. Ke4 a5 58. bxa5+ Kxa5 59. Kxd4
Rg7 60. Kc5 1-0